000 00784nam a2200241Ia 4500
003 OSt
005 20221006164508.0
006 a|||||r|||| 00| 0
007 ta
008 221006b |||||||| |||| 00| 0 hin d
024 _a7,680
037 _cTheseses
040 _aFML
_cFML
_bhin
041 _2hin
_ahin
100 _aSarita Pathak Yajurvedi Au.
_9677635
110 _aDelhi University. Faculty of Music and Fine Arts. Department of Music
245 0 _aSangeet Evam Nritya Ke Sandarbh Main Madhya Himalaya Ki Sanskritik Parampara Ka Avalokan - Ek Aadhyayan
260 _c1997
300 _a391
_ccm.
700 _aDelhi University. Faculty of Music and Fine Arts. Department of Music
942 _cDIS
_2CC
999 _c1117463
_d1117463